000 00355nam a2200169Ia 4500
100 _aSrinivasan/V/ Chari/ S.N.
650 _aChemistry
250 _a1
942 _cBK
654 _aChemistry
245 _aApplied Chemistry I
260 _bNirali prakashan
_c1997
082 _a660
_bSRI/CHA
300 _a169
546 _aENGLISH
999 _c33806
_d33806